<?xml version="1.0" encoding="UTF-8"?>
<record
    xmlns:xsi="http://www.w3.org/2001/XMLSchema-instance"
    xsi:schemaLocation="http://www.loc.gov/MARC21/slim http://www.loc.gov/standards/marcxml/schema/MARC21slim.xsd"
    xmlns="http://www.loc.gov/MARC21/slim">

  <leader>00603nam a22002052  4500</leader>
  <controlfield tag="001">0000020346</controlfield>
  <controlfield tag="005">20151217152212.0</controlfield>
  <controlfield tag="008">110913s         xx           000 0 eng d</controlfield>
  <datafield tag="020" ind1=" " ind2=" ">
    <subfield code="a">0702029349 :</subfield>
  </datafield>
  <datafield tag="040" ind1=" " ind2=" ">
    <subfield code="a">KABU</subfield>
    <subfield code="c">KABU</subfield>
  </datafield>
  <datafield tag="245" ind1="1" ind2="0">
    <subfield code="a">Trease and evans pharmacognosy /</subfield>
    <subfield code="c">[edited by] William Charles Evans.</subfield>
  </datafield>
  <datafield tag="250" ind1=" " ind2=" ">
    <subfield code="a">16th  ed.</subfield>
  </datafield>
  <datafield tag="260" ind1=" " ind2=" ">
    <subfield code="a">London :</subfield>
    <subfield code="b">Elsevier,</subfield>
    <subfield code="c">2009.</subfield>
  </datafield>
  <datafield tag="300" ind1=" " ind2=" ">
    <subfield code="a">ix, 603  p.</subfield>
  </datafield>
  <datafield tag="650" ind1=" " ind2="0">
    <subfield code="a">PPharmacognosy.</subfield>
    <subfield code="@">0000180536</subfield>
  </datafield>
  <datafield tag="700" ind1="1" ind2=" ">
    <subfield code="a">Evans, William Charles.</subfield>
    <subfield code="@">0000180537</subfield>
  </datafield>
  <datafield tag="852" ind1="1" ind2=" ">
    <subfield code="9">p2320 KES</subfield>
  </datafield>
  <datafield tag="908" ind1=" " ind2=" ">
    <subfield code="a">110913</subfield>
  </datafield>
  <datafield tag="950" ind1=" " ind2=" ">
    <subfield code="@">1</subfield>
  </datafield>
  <datafield tag="999" ind1=" " ind2=" ">
    <subfield code="c">9276</subfield>
    <subfield code="d">9276</subfield>
  </datafield>
  <datafield tag="952" ind1=" " ind2=" ">
    <subfield code="0">0</subfield>
    <subfield code="1">0</subfield>
    <subfield code="2">lcc</subfield>
    <subfield code="7">0</subfield>
    <subfield code="a">KABU</subfield>
    <subfield code="b">KABU</subfield>
    <subfield code="d">2015-12-17</subfield>
    <subfield code="l">13</subfield>
    <subfield code="m">2</subfield>
    <subfield code="o">RS160 .T74 2009 c. 1</subfield>
    <subfield code="p">21447</subfield>
    <subfield code="r">2025-10-13 18:01:57</subfield>
    <subfield code="s">2025-09-24</subfield>
    <subfield code="w">2015-12-17</subfield>
    <subfield code="y">BK</subfield>
  </datafield>
  <datafield tag="952" ind1=" " ind2=" ">
    <subfield code="0">0</subfield>
    <subfield code="1">0</subfield>
    <subfield code="2">lcc</subfield>
    <subfield code="7">0</subfield>
    <subfield code="a">KABU</subfield>
    <subfield code="b">KABU</subfield>
    <subfield code="d">2015-12-17</subfield>
    <subfield code="g">3950.00</subfield>
    <subfield code="l">9</subfield>
    <subfield code="m">1</subfield>
    <subfield code="o">RS160 .T74 2009 c. 2</subfield>
    <subfield code="p">022126</subfield>
    <subfield code="r">2024-11-11 11:27:28</subfield>
    <subfield code="s">2024-10-24</subfield>
    <subfield code="w">2015-12-17</subfield>
    <subfield code="y">BK</subfield>
  </datafield>
  <datafield tag="952" ind1=" " ind2=" ">
    <subfield code="0">0</subfield>
    <subfield code="1">0</subfield>
    <subfield code="2">lcc</subfield>
    <subfield code="7">0</subfield>
    <subfield code="a">KABU</subfield>
    <subfield code="b">KABU</subfield>
    <subfield code="d">2018-10-13</subfield>
    <subfield code="g">3870.69</subfield>
    <subfield code="l">6</subfield>
    <subfield code="o">RS160 .T74 2009 c. 3</subfield>
    <subfield code="p">022632</subfield>
    <subfield code="r">2022-10-19 00:00:00</subfield>
    <subfield code="s">2022-09-30</subfield>
    <subfield code="t">c. 3</subfield>
    <subfield code="w">2018-10-13</subfield>
    <subfield code="y">BK</subfield>
  </datafield>
  <datafield tag="952" ind1=" " ind2=" ">
    <subfield code="0">0</subfield>
    <subfield code="1">0</subfield>
    <subfield code="2">lcc</subfield>
    <subfield code="7">0</subfield>
    <subfield code="a">KABU</subfield>
    <subfield code="b">KABU</subfield>
    <subfield code="d">2018-10-13</subfield>
    <subfield code="g">3870.69</subfield>
    <subfield code="l">10</subfield>
    <subfield code="m">1</subfield>
    <subfield code="o">RS160 .T74 2009 c. 4</subfield>
    <subfield code="p">022633</subfield>
    <subfield code="r">2022-07-25 00:00:00</subfield>
    <subfield code="s">2022-07-12</subfield>
    <subfield code="t">c. 4</subfield>
    <subfield code="w">2018-10-13</subfield>
    <subfield code="y">BK</subfield>
  </datafield>
  <datafield tag="952" ind1=" " ind2=" ">
    <subfield code="0">0</subfield>
    <subfield code="1">0</subfield>
    <subfield code="2">lcc</subfield>
    <subfield code="7">0</subfield>
    <subfield code="a">KABU</subfield>
    <subfield code="b">KABU</subfield>
    <subfield code="d">2018-10-13</subfield>
    <subfield code="g">3870.69</subfield>
    <subfield code="l">7</subfield>
    <subfield code="m">2</subfield>
    <subfield code="o">RS160 .T74 2009 c. 5</subfield>
    <subfield code="p">022634</subfield>
    <subfield code="r">2023-04-08 00:00:00</subfield>
    <subfield code="s">2023-03-11</subfield>
    <subfield code="t">c. 5</subfield>
    <subfield code="w">2018-10-13</subfield>
    <subfield code="y">BK</subfield>
  </datafield>
  <datafield tag="952" ind1=" " ind2=" ">
    <subfield code="0">0</subfield>
    <subfield code="1">0</subfield>
    <subfield code="2">lcc</subfield>
    <subfield code="7">0</subfield>
    <subfield code="a">KABU</subfield>
    <subfield code="b">KABU</subfield>
    <subfield code="d">2018-10-13</subfield>
    <subfield code="g">3870.69</subfield>
    <subfield code="l">5</subfield>
    <subfield code="m">2</subfield>
    <subfield code="o">RS160 .T74 2009 c. 6</subfield>
    <subfield code="p">022635</subfield>
    <subfield code="r">2022-11-09 00:00:00</subfield>
    <subfield code="s">2022-10-08</subfield>
    <subfield code="t">c. 6</subfield>
    <subfield code="w">2018-10-13</subfield>
    <subfield code="y">BK</subfield>
  </datafield>
  <datafield tag="952" ind1=" " ind2=" ">
    <subfield code="0">0</subfield>
    <subfield code="1">0</subfield>
    <subfield code="2">lcc</subfield>
    <subfield code="7">0</subfield>
    <subfield code="a">KABU</subfield>
    <subfield code="b">KABU</subfield>
    <subfield code="d">2018-10-13</subfield>
    <subfield code="g">3870.69</subfield>
    <subfield code="l">5</subfield>
    <subfield code="o">RS160 .T74 2009 c. 7</subfield>
    <subfield code="p">022636</subfield>
    <subfield code="r">2022-12-15 00:00:00</subfield>
    <subfield code="s">2022-09-09</subfield>
    <subfield code="t">c. 7</subfield>
    <subfield code="w">2018-10-13</subfield>
    <subfield code="y">BK</subfield>
  </datafield>
  <datafield tag="952" ind1=" " ind2=" ">
    <subfield code="0">0</subfield>
    <subfield code="1">0</subfield>
    <subfield code="2">lcc</subfield>
    <subfield code="7">0</subfield>
    <subfield code="a">KABU</subfield>
    <subfield code="b">KABU</subfield>
    <subfield code="d">2018-10-13</subfield>
    <subfield code="g">3870.69</subfield>
    <subfield code="l">5</subfield>
    <subfield code="m">1</subfield>
    <subfield code="o">RS160 .T74 2009 c. 8</subfield>
    <subfield code="p">022637</subfield>
    <subfield code="r">2020-01-30 00:00:00</subfield>
    <subfield code="s">2020-01-16</subfield>
    <subfield code="t">c. 8</subfield>
    <subfield code="w">2018-10-13</subfield>
    <subfield code="y">BK</subfield>
  </datafield>
  <datafield tag="952" ind1=" " ind2=" ">
    <subfield code="0">0</subfield>
    <subfield code="1">0</subfield>
    <subfield code="2">lcc</subfield>
    <subfield code="7">0</subfield>
    <subfield code="a">KABU</subfield>
    <subfield code="b">KABU</subfield>
    <subfield code="d">2018-10-13</subfield>
    <subfield code="g">3870.69</subfield>
    <subfield code="l">4</subfield>
    <subfield code="m">1</subfield>
    <subfield code="o">RS160 .T74 2009 c. 9</subfield>
    <subfield code="p">022638</subfield>
    <subfield code="r">2024-07-11 13:50:54</subfield>
    <subfield code="s">2024-06-08</subfield>
    <subfield code="t">c. 9</subfield>
    <subfield code="w">2018-10-13</subfield>
    <subfield code="y">BK</subfield>
  </datafield>
  <datafield tag="952" ind1=" " ind2=" ">
    <subfield code="0">0</subfield>
    <subfield code="1">0</subfield>
    <subfield code="2">lcc</subfield>
    <subfield code="7">0</subfield>
    <subfield code="a">KABU</subfield>
    <subfield code="b">KABU</subfield>
    <subfield code="d">2018-10-13</subfield>
    <subfield code="g">3870.69</subfield>
    <subfield code="l">5</subfield>
    <subfield code="m">1</subfield>
    <subfield code="o">RS160 .T74 2009 c. 10</subfield>
    <subfield code="p">022639</subfield>
    <subfield code="r">2021-07-13 00:00:00</subfield>
    <subfield code="s">2021-06-28</subfield>
    <subfield code="t">c. 10</subfield>
    <subfield code="w">2018-10-13</subfield>
    <subfield code="y">BK</subfield>
  </datafield>
  <datafield tag="952" ind1=" " ind2=" ">
    <subfield code="0">0</subfield>
    <subfield code="1">0</subfield>
    <subfield code="2">lcc</subfield>
    <subfield code="7">0</subfield>
    <subfield code="a">KABU</subfield>
    <subfield code="b">KABU</subfield>
    <subfield code="d">2018-10-13</subfield>
    <subfield code="g">3870.69</subfield>
    <subfield code="l">8</subfield>
    <subfield code="m">2</subfield>
    <subfield code="o">RS160 .T74 2009 c. 11</subfield>
    <subfield code="p">022640</subfield>
    <subfield code="r">2022-10-21 00:00:00</subfield>
    <subfield code="s">2022-09-16</subfield>
    <subfield code="t">c. 11</subfield>
    <subfield code="w">2018-10-13</subfield>
    <subfield code="y">BK</subfield>
  </datafield>
  <datafield tag="952" ind1=" " ind2=" ">
    <subfield code="0">0</subfield>
    <subfield code="1">0</subfield>
    <subfield code="2">lcc</subfield>
    <subfield code="7">0</subfield>
    <subfield code="a">KABU</subfield>
    <subfield code="b">KABU</subfield>
    <subfield code="d">2018-10-13</subfield>
    <subfield code="g">3870.69</subfield>
    <subfield code="l">6</subfield>
    <subfield code="o">RS160 .T74 2009 c. 12</subfield>
    <subfield code="p">022641</subfield>
    <subfield code="r">2026-05-22 09:05:12</subfield>
    <subfield code="s">2026-05-07</subfield>
    <subfield code="t">c. 12</subfield>
    <subfield code="w">2018-10-13</subfield>
    <subfield code="y">BK</subfield>
  </datafield>
</record>
